Estudio preliminar sobre disposición de aguas negras y pluviales en la ciudad de San Rafael de Heredia.

সংরক্ষণ করুন:
গ্রন্থ-পঞ্জীর বিবরন
প্রধান লেখক: Chin Cheng, Mario
বিন্যাস: গ্রন্থ
প্রকাশিত: San José, Costa Rica 1989
বিষয়গুলি:
ট্যাগগুলো: ট্যাগ যুক্ত করুন
কোনো ট্যাগ নেই, প্রথমজন হিসাবে ট্যাগ করুন!

MARC

LEADER 00000nam a2200000Ia 4500
003 004770
005 20221231144339.0
008 140114s1989 cr a m 000 ||s d
040 |c cru CEDI 
090 |a TFG 2217 
100 |a Chin Cheng, Mario  |9 13317 
245 |a Estudio preliminar sobre disposición de aguas negras y pluviales en la ciudad de San Rafael de Heredia. 
260 |c 1989  |a San José, Costa Rica 
300 |a  xiv, [167] hojas : ilustraciones (algunas plegables) ; 28 cm  
500 |a  Proyecto de graduación (licenciatura en ingeniería civil)--Universidad de Costa Rica. Facultad de Ingeniería. Escuela de Ingeniería Civil 
650 |x AGUAS PLUVIALES   |x AGUAS RESIDUALES   |x INGENIERÍA SANITARIA  |9 13318 
942 |c TFG  |2 ddc 
999 |c 20504  |d 20504